[Event "DVM U12 2024"]
[Site "Heidelberg GER"]
[Date "2024.12.30"]
[Round "7"]
[White "Leonhardt, Max"]
[Black "Teng, David"]
[Result "0-1"]
[Termination "normal"]
[Board "2.2"]
[WhiteElo "1735"]
[BlackElo "1732"]
[WhiteClock "01:13:59"]
[BlackClock "00:41:49"]
[WhiteTeam "Barnimer SF im SV Stahl Finow"]
[BlackTeam "Düsseldorfer SV 1854"]
[PlyCount "60"]
[WhiteFideId "34623647"]
[BlackFideId "34604570"]
[EventCountry "GER"]
[EventRounds "7"]
[EventType "team-swiss"]
[EventDate "2024.12.26"]

1. Nf3 {[%clk 01:30:56]} {[%emt 00:00:03]} d5 {[%clk 01:30:34]} {[%emt
00:00:26]} 2. g3 {[%clk 01:31:11]} {[%emt 00:00:15]} c6 {[%clk 01:30:41]}
{[%emt 00:00:23]} 3. Bg2 {[%clk 01:31:33]} {[%emt 00:00:07]} Bf5 {[%clk
01:30:45]} {[%emt 00:00:26]} 4. d4 {[%clk 01:31:52]} {[%emt 00:00:11]} e6
{[%clk 01:30:41]} {[%emt 00:00:35]} 5. O-O {[%clk 01:32:15]} {[%emt 00:00:07]}
Nf6 {[%clk 01:31:00]} {[%emt 00:00:10]} 6. c4 {[%clk 01:32:12]} {[%emt
00:00:32]} Be7 {[%clk 01:30:55]} {[%emt 00:00:35]} 7. Nc3 {[%clk 01:32:35]}
{[%emt 00:00:07]} h6 {[%clk 01:31:00]} {[%emt 00:00:25]} 8. b3 {[%clk
01:32:53]} {[%emt 00:00:12]} O-O {[%clk 01:30:54]} {[%emt 00:00:35]} 9. Bb2
{[%clk 01:33:17]} {[%emt 00:00:07]} Nbd7 {[%clk 01:30:39]} {[%emt 00:00:45]}
10. Nd2 {[%clk 01:32:42]} {[%emt 00:01:05]} Rc8 {[%clk 01:29:36]} {[%emt
00:01:32]} 11. f3 {[%clk 01:32:22]} {[%emt 00:00:50]} c5 {[%clk 01:27:42]}
{[%emt 00:02:25]} 12. dxc5 {[%clk 01:32:00]} {[%emt 00:00:52]} Nxc5 {[%clk
01:23:11]} {[%emt 00:05:01]} 13. cxd5 {[%clk 01:31:39]} {[%emt 00:00:50]} exd5
{[%clk 01:22:16]} {[%emt 00:01:25]} 14. f4 {[%clk 01:29:45]} {[%emt 00:02:24]}
d4 {[%clk 01:18:10]} {[%emt 00:04:37]} 15. Nb5 {[%clk 01:28:34]} {[%emt
00:01:41]} d3 {[%clk 01:16:56]} {[%emt 00:01:43]} 16. Re1 {[%clk 01:27:11]}
{[%emt 00:01:53]} Ne6 {[%clk 01:13:13]} {[%emt 00:04:14]} 17. Nf3 {[%clk
01:24:38]} {[%emt 00:03:02]} Bb4 {[%clk 01:10:48]} {[%emt 00:02:55]} 18. Rf1
{[%clk 01:24:05]} {[%emt 00:01:02]} dxe2 {[%clk 01:09:54]} {[%emt 00:01:25]}
19. Qxe2 {[%clk 01:22:25]} {[%emt 00:02:10]} Bd3 {[%clk 01:08:18]} {[%emt
00:02:06]} 20. Qe5 {[%clk 01:21:15]} {[%emt 00:01:40]} Bxf1 {[%clk 01:07:35]}
{[%emt 00:01:13]} 21. Rxf1 {[%clk 01:21:14]} {[%emt 00:00:31]} Rc5 {[%clk
01:06:28]} {[%emt 00:01:38]} 22. Qe2 {[%clk 01:20:35]} {[%emt 00:01:09]} Re8
{[%clk 00:57:44]} {[%emt 00:09:14]} 23. Rd1 {[%clk 01:19:13]} {[%emt 00:01:53]}
Qb6 {[%clk 00:56:39]} {[%emt 00:01:35]} 24. Bxf6 {[%clk 01:17:36]} {[%emt
00:02:06]} Re5+ {[%clk 00:47:04]} {[%emt 00:10:06]} 25. Qf2 {[%clk 01:17:18]}
{[%emt 00:00:48]} Bc5 {[%clk 00:44:25]} {[%emt 00:03:10]} 26. Nbd4 {[%clk
01:17:25]} {[%emt 00:00:23]} Nxd4 {[%clk 00:44:16]} {[%emt 00:00:39]} 27. Nxd4
{[%clk 01:17:17]} {[%emt 00:00:37]} Re2 {[%clk 00:41:32]} {[%emt 00:03:14]} 28.
b4 {[%clk 01:13:32]} {[%emt 00:04:16]} Rxf2 {[%clk 00:41:09]} {[%emt 00:00:53]}
29. bxc5 {[%clk 01:13:49]} {[%emt 00:00:12]} Rxg2+ {[%clk 00:41:29]} {[%emt
00:00:10]} 30. Kxg2 {[%clk 01:13:59]} {[%emt 00:00:20]} Qxf6 {[%clk 00:41:49]}
{[%emt 00:00:10]} 0-1

[Event "DVM U12 2024"]
[Site "Heidelberg GER"]
[Date "2024.12.30"]
[Round "7"]
[White "Mao, Leo"]
[Black "Gersemann, Karl"]
[Result "0-1"]
[Termination "normal"]
[Board "3.1"]
[WhiteElo "1753"]
[BlackElo "2012"]
[WhiteClock "00:04:30"]
[BlackClock "00:29:59"]
[WhiteTeam "SC Erlangen 48/88"]
[BlackTeam "TSG Oberschöneweide"]
[PlyCount "94"]
[WhiteFideId "533009112"]
[BlackFideId "34602186"]
[EventCountry "GER"]
[EventRounds "7"]
[EventType "team-swiss"]
[EventDate "2024.12.26"]

1. Nf3 {[%clk 01:30:49]} {[%emt 00:00:10]} Nf6 {[%clk 01:30:56]} {[%emt
00:00:04]} 2. d4 {[%clk 01:31:13]} {[%emt 00:00:06]} e6 {[%clk 01:31:15]}
{[%emt 00:00:11]} 3. e3 {[%clk 01:31:22]} {[%emt 00:00:22]} d5 {[%clk
01:31:34]} {[%emt 00:00:10]} 4. Bd3 {[%clk 01:31:31]} {[%emt 00:00:21]} c5
{[%clk 01:31:25]} {[%emt 00:00:39]} 5. c3 {[%clk 01:31:50]} {[%emt 00:00:12]}
b6 {[%clk 01:30:41]} {[%emt 00:01:14]} 6. Nbd2 {[%clk 01:31:29]} {[%emt
00:00:52]} Bb7 {[%clk 01:30:56]} {[%emt 00:00:15]} 7. Qe2 {[%clk 01:30:16]}
{[%emt 00:01:43]} Nc6 {[%clk 01:29:37]} {[%emt 00:01:49]} 8. O-O {[%clk
01:29:19]} {[%emt 00:01:27]} cxd4 {[%clk 01:28:22]} {[%emt 00:01:46]} 9. exd4
{[%clk 01:29:24]} {[%emt 00:00:25]} Bd6 {[%clk 01:28:32]} {[%emt 00:00:19]} 10.
Re1 {[%clk 01:29:34]} {[%emt 00:00:21]} Qc7 {[%emt 00:01:21]} 11. Nf1 {[%clk
01:24:01]} {[%emt 00:05:26]} Nd7 {[%clk 01:20:40]} {[%emt 00:08:07]} 12. h3
{[%clk 01:15:26]} {[%emt 00:09:06]} O-O {[%clk 01:20:47]} {[%emt 00:00:21]} 13.
Ne3 {[%clk 01:10:15]} {[%emt 00:05:41]} h6 {[%clk 01:19:47]} {[%emt 00:01:30]}
14. Bc2 {[%clk 01:01:55]} {[%emt 00:08:51]} f5 {[%clk 01:12:45]} {[%emt
00:07:32]} 15. Qd3 {[%clk 00:52:09]} {[%emt 00:10:16]} Nf6 {[%clk 01:11:17]}
{[%emt 00:01:57]} 16. Nh4 {[%clk 00:28:24]} {[%emt 00:24:15]} Ne4 {[%clk
01:09:49]} {[%emt 00:01:58]} 17. Qe2 {[%clk 00:27:13]} {[%emt 00:01:42]} Bh2+
{[%clk 01:06:24]} {[%emt 00:03:54]} 18. Kh1 {[%clk 00:26:51]} {[%emt 00:00:52]}
Nxf2+ {[%clk 01:06:41]} {[%emt 00:00:13]} 19. Qxf2 {[%clk 00:26:52]} {[%emt
00:00:30]} Bg3 {[%clk 01:07:05]} {[%emt 00:00:06]} 20. Qe2 {[%clk 00:25:14]}
{[%emt 00:02:07]} Bxh4 {[%clk 01:07:24]} {[%emt 00:00:10]} 21. Rf1 {[%clk
00:24:15]} {[%emt 00:01:30]} a5 {[%emt 00:11:46]} 22. Qh5 {[%clk 00:19:49]} Bf6
{[%clk 00:53:04]} {[%emt 00:08:29]} 23. Qg6 {[%clk 00:17:46]} {[%emt 00:02:34]}
Qf7 {[%clk 00:52:46]} {[%emt 00:00:48]} 24. Qg3 {[%clk 00:17:28]} {[%emt
00:00:48]} Kh8 {[%clk 00:50:06]} {[%emt 00:03:09]} 25. Rf2 {[%clk 00:15:58]}
{[%emt 00:02:00]} g5 {[%clk 00:47:22]} {[%emt 00:03:14]} 26. Qf3 {[%clk
00:14:55]} {[%emt 00:01:34]} Ne7 {[%clk 00:45:02]} {[%emt 00:02:48]} 27. Bd3
{[%clk 00:13:26]} {[%emt 00:02:00]} Ng6 {[%clk 00:43:04]} {[%emt 00:02:11]} 28.
Bd2 {[%clk 00:09:16]} {[%emt 00:04:58]} Nf4 {[%clk 00:39:33]} {[%emt 00:04:00]}
29. Bb5 {[%clk 00:07:08]} {[%emt 00:02:39]} Bg7 {[%clk 00:36:42]} {[%emt
00:03:19]} 30. Nc2 {[%clk 00:06:44]} {[%emt 00:00:55]} Ng6 {[%clk 00:34:52]}
{[%emt 00:02:20]} 31. Re1 {[%clk 00:06:07]} {[%emt 00:01:08]} e5 {[%clk
00:33:32]} {[%emt 00:01:50]} 32. Qh5 {[%clk 00:04:24]} {[%emt 00:02:12]} Kg8
{[%clk 00:31:58]} {[%emt 00:02:04]} 33. dxe5 {[%clk 00:03:45]} {[%emt
00:01:09]} Nxe5 {[%clk 00:31:59]} {[%emt 00:00:29]} 34. Qxf7+ {[%clk 00:03:58]}
{[%emt 00:00:17]} Rxf7 {[%clk 00:32:18]} {[%emt 00:00:10]} 35. Ref1 {[%clk
00:04:10]} {[%emt 00:00:19]} f4 {[%clk 00:31:43]} {[%emt 00:01:04]} 36. Nd4
{[%clk 00:04:04]} {[%emt 00:00:36]} Nc4 {[%clk 00:30:29]} {[%emt 00:01:44]} 37.
Bc1 {[%clk 00:04:12]} {[%emt 00:00:23]} Nd6 {[%clk 00:30:40]} {[%emt 00:00:18]}
38. Bd3 {[%clk 00:03:59]} {[%emt 00:00:44]} Ne4 {[%clk 00:30:46]} {[%emt
00:00:23]} 39. Rf3 {[%clk 00:03:50]} {[%emt 00:00:39]} Ng3+ {[%clk 00:31:07]}
{[%emt 00:00:09]} 40. Kg1 {[%clk 00:03:05]} {[%emt 00:01:14]} Nxf1 {[%clk
00:31:24]} {[%emt 00:00:13]} 41. Kxf1 {[%clk 00:03:31]} {[%emt 00:00:04]} Bxd4
{[%clk 00:31:12]} {[%emt 00:00:42]} 42. cxd4 {[%clk 00:03:59]} {[%emt
00:00:03]} Bc8 {[%clk 00:30:28]} {[%emt 00:01:13]} 43. Rf2 {[%clk 00:03:17]}
{[%emt 00:01:13]} Bf5 {[%clk 00:30:02]} {[%emt 00:00:56]} 44. Ke2 {[%clk
00:03:17]} {[%emt 00:00:31]} Re8+ {[%clk 00:30:01]} {[%emt 00:00:30]} 45. Kd2
{[%clk 00:03:40]} {[%emt 00:00:07]} Bxd3 {[%clk 00:30:12]} {[%emt 00:00:20]}
46. Kxd3 {[%clk 00:04:06]} {[%emt 00:00:04]} Rc7 {[%clk 00:30:17]} {[%emt
00:00:24]} 47. Bd2 {[%clk 00:04:30]} {[%emt 00:00:07]} Re4 {[%clk 00:29:59]}
{[%emt 00:00:46]} 0-1

[Event "DVM U12 2024"]
[Site "Heidelberg GER"]
[Date "2024.12.30"]
[Round "7"]
[White "Berger, Friedrich Richard"]
[Black "Martin Fernandez, Félix"]
[Result "1/2-1/2"]
[Termination "normal"]
[Board "3.2"]
[WhiteElo "1658"]
[BlackElo "1624"]
[WhiteClock "00:24:50"]
[BlackClock "00:13:29"]
[WhiteTeam "TSG Oberschöneweide"]
[BlackTeam "SC Erlangen 48/88"]
[PlyCount "93"]
[WhiteFideId "34663169"]
[BlackFideId "34605622"]
[EventCountry "GER"]
[EventRounds "7"]
[EventType "team-swiss"]
[EventDate "2024.12.26"]

1. e4 {[%clk 01:30:44]} {[%emt 00:00:15]} c5 {[%clk 01:30:54]} {[%emt
00:00:06]} 2. d4 {[%clk 01:31:01]} {[%emt 00:00:14]} cxd4 {[%clk 01:31:14]}
{[%emt 00:00:11]} 3. c3 {[%clk 01:31:03]} {[%emt 00:00:28]} Nf6 {[%clk
01:31:34]} {[%emt 00:00:09]} 4. e5 {[%clk 01:31:13]} {[%emt 00:00:19]} Nd5
{[%clk 01:32:00]} {[%emt 00:00:04]} 5. Qxd4 {[%clk 01:30:03]} {[%emt 00:01:41]}
e6 {[%clk 01:32:23]} {[%emt 00:00:08]} 6. Nf3 {[%clk 01:30:15]} {[%emt
00:00:18]} Nc6 {[%clk 01:32:48]} {[%emt 00:00:05]} 7. Qe4 {[%clk 01:30:35]}
{[%emt 00:00:09]} f5 {[%clk 01:33:14]} {[%emt 00:00:05]} 8. Qe2 {[%clk
01:30:53]} {[%emt 00:00:12]} b5 {[%clk 01:33:05]} {[%emt 00:00:39]} 9. g3
{[%clk 01:30:07]} {[%emt 00:01:16]} Be7 {[%clk 01:33:27]} {[%emt 00:00:07]} 10.
Bg2 {[%clk 01:29:02]} {[%emt 00:01:35]} a5 {[%clk 01:33:42]} {[%emt 00:00:15]}
11. O-O {[%clk 01:27:33]} {[%emt 00:01:58]} O-O {[%clk 01:34:05]} {[%emt
00:00:08]} 12. Rd1 {[%clk 01:25:18]} {[%emt 00:02:45]} Ba6 {[%clk 01:33:39]}
{[%emt 00:00:56]} 13. b3 {[%clk 01:22:21]} {[%emt 00:03:27]} Bc5 {[%clk
01:31:21]} {[%emt 00:02:48]} 14. Bb2 {[%clk 01:18:40]} {[%emt 00:04:10]} f4
{[%clk 01:28:30]} {[%emt 00:03:21]} 15. g4 {[%clk 01:14:28]} {[%emt 00:04:42]}
Qc7 {[%emt 00:06:25]} 16. Nbd2 {[%clk 01:12:33]} Nxc3 {[%clk 01:24:04]} {[%emt
00:01:25]} 17. Bxc3 {[%clk 01:12:00]} {[%emt 00:01:03]} b4 {[%clk 01:24:29]}
{[%emt 00:00:05]} 18. Nc4 {[%clk 01:06:36]} {[%emt 00:05:54]} bxc3 {[%clk
01:23:42]} {[%emt 00:01:16]} 19. Rdc1 {[%clk 01:02:42]} {[%emt 00:04:24]} Rac8
{[%clk 01:17:58]} {[%emt 00:06:14]} 20. Rxc3 {[%clk 00:59:40]} {[%emt
00:03:32]} Nd4 {[%clk 01:16:27]} {[%emt 00:02:01]} 21. Qd1 {[%clk 00:56:25]}
{[%emt 00:03:45]} Nxf3+ {[%clk 01:16:23]} {[%emt 00:00:34]} 22. Bxf3 {[%clk
00:55:58]} {[%emt 00:00:57]} Qa7 {[%clk 01:10:06]} {[%emt 00:06:48]} 23. Rc2
{[%emt 00:06:09]} Bxc4 {[%clk 01:02:00]} {[%emt 00:08:34]} 24. bxc4 {[%clk
00:49:56]} {[%emt 00:00:55]} Bd4 {[%clk 01:02:13]} {[%emt 00:00:17]} 25. Rb1
{[%clk 00:50:01]} {[%emt 00:00:25]} Rb8 {[%clk 00:57:02]} {[%emt 00:05:41]} 26.
Rxb8 {[%clk 00:48:01]} {[%emt 00:02:29]} Rxb8 {[%clk 00:57:27]} {[%emt
00:00:06]} 27. Qe2 {[%clk 00:46:23]} {[%emt 00:02:09]} Qc5 {[%clk 00:55:59]}
{[%emt 00:01:58]} 28. Kg2 {[%clk 00:44:56]} {[%emt 00:01:56]} Bxe5 {[%clk
00:52:05]} {[%emt 00:04:24]} 29. Qe4 {[%clk 00:41:14]} {[%emt 00:04:12]} g6
{[%clk 00:42:42]} {[%emt 00:09:54]} 30. Rd2 {[%clk 00:40:00]} {[%emt 00:01:45]}
d6 {[%clk 00:36:44]} {[%emt 00:06:27]} 31. Qc6 {[%clk 00:37:08]} {[%emt
00:03:22]} Rc8 {[%clk 00:31:09]} {[%emt 00:06:05]} 32. Qxc5 {[%clk 00:36:15]}
{[%emt 00:01:23]} Rxc5 {[%clk 00:31:24]} {[%emt 00:00:14]} 33. Be2 {[%clk
00:36:09]} {[%emt 00:00:36]} Kf7 {[%clk 00:28:22]} {[%emt 00:03:32]} 34. Rd1
{[%clk 00:31:03]} {[%emt 00:05:37]} d5 {[%clk 00:22:58]} {[%emt 00:05:54]} 35.
cxd5 {[%clk 00:31:06]} {[%emt 00:00:27]} Rxd5 {[%clk 00:22:34]} {[%emt
00:00:54]} 36. Rxd5 {[%clk 00:31:10]} {[%emt 00:00:26]} exd5 {[%clk 00:22:59]}
{[%emt 00:00:05]} 37. Bb5 {[%clk 00:30:02]} {[%emt 00:01:38]} Ke7 {[%clk
00:22:07]} {[%emt 00:01:22]} 38. Kf3 {[%clk 00:29:42]} {[%emt 00:00:50]} Kd6
{[%clk 00:21:29]} {[%emt 00:01:07]} 39. Ke2 {[%clk 00:29:01]} {[%emt 00:01:11]}
Kc5 {[%clk 00:21:46]} {[%emt 00:00:14]} 40. Be8 {[%clk 00:29:04]} {[%emt
00:00:27]} Kc4 {[%clk 00:20:08]} {[%emt 00:02:09]} 41. Bf7 {[%clk 00:28:42]}
{[%emt 00:00:52]} Kd4 {[%clk 00:18:52]} {[%emt 00:01:46]} 42. f3 {[%clk
00:28:18]} {[%emt 00:00:54]} Kc5 {[%clk 00:17:41]} {[%emt 00:01:40]} 43. Kd3
{[%clk 00:26:09]} {[%emt 00:02:40]} Bd4 {[%clk 00:13:18]} {[%emt 00:04:53]} 44.
h3 {[%clk 00:25:26]} {[%emt 00:01:13]} Bg1 {[%clk 00:13:07]} {[%emt 00:00:42]}
45. Bg8 {[%clk 00:24:41]} {[%emt 00:01:14]} h6 {[%clk 00:13:05]} {[%emt
00:00:32]} 46. Bf7 {[%clk 00:24:53]} {[%emt 00:00:18]} g5 {[%clk 00:13:29]}
{[%emt 00:00:06]} 47. Bg8 {[%clk 00:24:50]} {[%emt 00:00:33]} 1/2-1/2

[Event "DVM U12 2024"]
[Site "Heidelberg GER"]
[Date "2024.12.30"]
[Round "7"]
[White "Satti, Shahroz"]
[Black "Vu, Khoi Nguyen"]
[Result "0-1"]
[Termination "normal"]
[Board "3.3"]
[WhiteElo "1525"]
[BlackElo "1730"]
[WhiteClock "00:30:03"]
[BlackClock "00:59:34"]
[WhiteTeam "SC Erlangen 48/88"]
[BlackTeam "TSG Oberschöneweide"]
[PlyCount "54"]
[WhiteFideId "34665331"]
[BlackFideId "34605088"]
[EventCountry "GER"]
[EventRounds "7"]
[EventType "team-swiss"]
[EventDate "2024.12.26"]

1. c4 {[%clk 01:30:58]} {[%emt 00:00:02]} Nf6 {[%clk 01:30:50]} {[%emt
00:00:10]} 2. Nf3 {[%clk 01:31:01]} {[%emt 00:00:27]} e6 {[%clk 01:31:08]}
{[%emt 00:00:12]} 3. d4 {[%clk 01:31:16]} {[%emt 00:00:14]} d5 {[%clk
01:31:32]} {[%emt 00:00:06]} 4. e3 {[%clk 01:31:15]} {[%emt 00:00:30]} Be7
{[%clk 01:30:19]} {[%emt 00:01:44]} 5. Nbd2 {[%clk 01:31:03]} {[%emt 00:00:42]}
O-O {[%clk 01:29:24]} {[%emt 00:01:24]} 6. Bd3 {[%clk 01:29:56]} {[%emt
00:01:37]} c5 {[%clk 01:28:08]} {[%emt 00:01:47]} 7. dxc5 {[%clk 01:28:29]}
{[%emt 00:01:58]} Bxc5 {[%clk 01:28:18]} {[%emt 00:00:19]} 8. O-O {[%clk
01:24:48]} {[%emt 00:04:11]} Nc6 {[%clk 01:26:47]} {[%emt 00:02:02]} 9. e4
{[%clk 01:21:31]} {[%emt 00:03:45]} b6 {[%clk 01:24:57]} {[%emt 00:02:21]} 10.
b3 {[%clk 01:14:29]} {[%emt 00:07:32]} Bb7 {[%clk 01:23:01]} {[%emt 00:02:27]}
11. a3 {[%clk 01:06:28]} {[%emt 00:08:30]} dxe4 {[%clk 01:12:42]} {[%emt
00:10:50]} 12. Nxe4 {[%clk 01:06:13]} {[%emt 00:00:45]} Bd4 {[%clk 01:11:17]}
{[%emt 00:01:55]} 13. Nxd4 {[%clk 01:06:04]} {[%emt 00:00:39]} Nxd4 {[%clk
01:11:06]} {[%emt 00:00:41]} 14. Nxf6+ {[%clk 01:05:02]} {[%emt 00:01:33]} Qxf6
{[%clk 01:11:12]} {[%emt 00:00:24]} 15. Be3 {[%clk 01:02:49]} {[%emt 00:02:42]}
Rad8 {[%clk 01:08:42]} {[%emt 00:03:01]} 16. f3 {[%clk 00:55:15]} {[%emt
00:08:04]} e5 {[%clk 01:07:57]} {[%emt 00:01:15]} 17. Rb1 {[%clk 00:53:23]}
{[%emt 00:02:22]} Qd6 {[%clk 01:07:12]} {[%emt 00:01:15]} 18. Be4 {[%clk
00:49:41]} {[%emt 00:04:12]} Bxe4 {[%clk 01:06:47]} {[%emt 00:00:55]} 19. fxe4
{[%clk 00:49:19]} {[%emt 00:00:51]} Qxa3 {[%clk 01:06:53]} {[%emt 00:00:25]}
20. Ra1 {[%clk 00:45:43]} {[%emt 00:04:06]} Qb2 {[%clk 01:04:22]} {[%emt
00:03:00]} 21. Bxd4 {[%clk 00:38:25]} {[%emt 00:07:49]} Rxd4 {[%clk 01:04:28]}
{[%emt 00:00:24]} 22. Qf3 {[%clk 00:38:15]} {[%emt 00:00:38]} Rd7 {[%clk
01:01:57]} {[%emt 00:03:03]} 23. Kh1 {[%clk 00:36:10]} {[%emt 00:02:35]} Rd6
{[%clk 01:00:29]} {[%emt 00:01:58]} 24. Rfb1 {[%clk 00:36:05]} {[%emt
00:00:35]} Qc2 {[%clk 01:00:13]} {[%emt 00:00:44]} 25. Rc1 {[%clk 00:35:58]}
{[%emt 00:00:39]} Qd3 {[%clk 00:59:48]} {[%emt 00:00:54]} 26. Rc3 {[%clk
00:30:07]} {[%emt 00:06:20]} Qd4 {[%clk 00:59:24]} {[%emt 00:00:53]} 27. Rxa7
{[%clk 00:30:03]} {[%emt 00:00:36]} Qd1+ {[%clk 00:59:34]} 0-1

[Event "DVM U12 2024"]
[Site "Heidelberg GER"]
[Date "2024.12.30"]
[Round "7"]
[White "Tryk, Paul-Luca"]
[Black "Ramayanam, Nithya"]
[Result "1/2-1/2"]
[Termination "normal"]
[Board "3.4"]
[WhiteElo "1778"]
[BlackElo "1555"]
[WhiteClock "01:22:33"]
[BlackClock "00:52:26"]
[WhiteTeam "TSG Oberschöneweide"]
[BlackTeam "SC Erlangen 48/88"]
[PlyCount "62"]
[WhiteFideId "34698515"]
[BlackFideId "533004250"]
[EventCountry "GER"]
[EventRounds "7"]
[EventType "team-swiss"]
[EventDate "2024.12.26"]

1. e4 {[%clk 01:30:57]} {[%emt 00:00:03]} e5 {[%clk 01:30:23]} {[%emt
00:00:38]} 2. Nf3 {[%clk 01:31:21]} {[%emt 00:00:05]} Nf6 {[%clk 01:30:48]}
{[%emt 00:00:06]} 3. Nxe5 {[%clk 01:31:15]} {[%emt 00:00:36]} d6 {[%clk
01:31:11]} {[%emt 00:00:07]} 4. Nf3 {[%clk 01:31:28]} {[%emt 00:00:17]} Nxe4
{[%clk 01:31:25]} {[%emt 00:00:15]} 5. Nc3 {[%clk 01:31:17]} {[%emt 00:00:42]}
d5 {[%clk 01:27:34]} {[%emt 00:04:21]} 6. d3 {[%clk 01:29:29]} {[%emt
00:02:18]} Nxc3 {[%clk 01:27:17]} {[%emt 00:00:47]} 7. bxc3 {[%clk 01:29:52]}
{[%emt 00:00:07]} Be7 {[%clk 01:25:29]} {[%emt 00:02:19]} 8. Be2 {[%clk
01:30:03]} {[%emt 00:00:19]} O-O {[%clk 01:25:22]} {[%emt 00:00:37]} 9. O-O
{[%clk 01:30:25]} {[%emt 00:00:08]} c5 {[%clk 01:22:34]} {[%emt 00:03:17]} 10.
c4 {[%clk 01:27:28]} {[%emt 00:03:27]} d4 {[%clk 01:22:48]} {[%emt 00:00:14]}
11. Bb2 {[%clk 01:26:30]} {[%emt 00:01:30]} Nc6 {[%clk 01:22:50]} {[%emt
00:00:28]} 12. c3 {[%clk 01:26:18]} {[%emt 00:00:43]} Bf6 {[%clk 01:21:31]}
{[%emt 00:01:48]} 13. cxd4 {[%clk 01:26:20]} {[%emt 00:00:29]} cxd4 {[%clk
01:21:17]} {[%emt 00:00:45]} 14. Re1 {[%clk 01:26:04]} {[%emt 00:00:45]} Be6
{[%clk 01:19:52]} {[%emt 00:01:55]} 15. h3 {[%clk 01:24:20]} {[%emt 00:02:13]}
Qd7 {[%clk 01:18:24]} {[%emt 00:01:58]} 16. Bf1 {[%clk 01:24:23]} {[%emt
00:00:28]} Rfe8 {[%clk 01:17:44]} {[%emt 00:01:09]} 17. Qd2 {[%clk 01:24:30]}
{[%emt 00:00:23]} Rad8 {[%clk 01:15:30]} {[%emt 00:02:44]} 18. Rab1 {[%clk
01:22:38]} {[%emt 00:02:22]} a6 {[%clk 01:07:31]} {[%emt 00:08:30]} 19. a4
{[%clk 01:21:23]} {[%emt 00:01:45]} Bf5 {[%clk 01:04:17]} {[%emt 00:03:43]} 20.
Rxe8+ {[%clk 01:21:25]} {[%emt 00:00:29]} Rxe8 {[%clk 01:03:59]} {[%emt
00:00:48]} 21. Re1 {[%clk 01:21:39]} {[%emt 00:00:15]} Rxe1 {[%clk 01:02:52]}
{[%emt 00:01:36]} 22. Qxe1 {[%clk 01:22:01]} {[%emt 00:00:09]} h6 {[%clk
01:01:54]} {[%emt 00:01:28]} 23. Qd2 {[%clk 01:21:19]} {[%emt 00:01:12]} Qd6
{[%clk 00:59:23]} {[%emt 00:02:55]} 24. Be2 {[%clk 01:20:44]} {[%emt 00:01:10]}
Qb4 {[%clk 00:58:52]} {[%emt 00:00:57]} 25. Qxb4 {[%clk 01:20:54]} {[%emt
00:00:24]} Nxb4 {[%clk 00:58:41]} {[%emt 00:00:37]} 26. Bxd4 {[%clk 01:20:57]}
{[%emt 00:00:30]} Bxd4 {[%emt 00:00:24]} 27. Nxd4 {[%clk 01:21:16]} {[%emt
00:00:08]} Bxd3 {[%clk 00:59:10]} {[%emt 00:00:08]} 28. Bxd3 {[%clk 01:21:22]}
{[%emt 00:00:26]} Nxd3 {[%clk 00:59:32]} {[%emt 00:00:08]} 29. Nb3 {[%clk
01:21:46]} {[%emt 00:00:06]} Nb2 {[%clk 00:57:40]} {[%emt 00:02:21]} 30. Nc5
{[%clk 01:22:12]} {[%emt 00:00:06]} Nxc4 {[%clk 00:57:00]} {[%emt 00:01:08]}
31. Nxb7 {[%clk 01:22:33]} {[%emt 00:00:10]} Nb2 {[%clk 00:52:26]} {[%emt
00:05:04]} 1/2-1/2